000 00787nam a2200253Ia 4500
003 OSt
005 20220918190527.0
006 a|||||r|||| 00| 0
007 ta
008 220917b |||||||| |||| 00| 0 eng d
024 _a57,387
037 _cTextual
040 _aARTS
_cARTS
_beng
041 _2eng
_aeng
082 _aP99(Y:386):3, L6
100 _aKevelson Roberta
_966898
245 0 _aStyle symbolic language structure and syntactic change
_b interansitivity and the perception of is in english
260 _aLisse
_bPeter De Ridder Press
_c1976
300 _a51p.
_ccm.
490 _aPdr Press publication in semiotics of language; 2
650 _aLINGUISTICS
942 _hP99(Y:386):3, L6
_cTEXL
_2CC
999 _c185625
_d185625